| 000 -LEADER |
| fixed length control field |
00476nam a22001697a 4500 |
| 008 - FIXED-LENGTH DATA ELEMENTS--GENERAL INFORMATION |
| fixed length control field |
150713b xxu||||| |||| 00| 0 alb d |
| 020 ## - INTERNATIONAL STANDARD BOOK NUMBER |
| International Standard Book Number |
9789951897327 |
| 041 0# - LANGUAGE CODE |
| Language code of text/sound track or separate title |
alb |
| 080 ## - UNIVERSAL DECIMAL CLASSIFICATION NUMBER |
| Universal Decimal Classification number |
343 |
| 100 ## - Rafti |
| Rafti |
Sabedini, Musa ; |
| 245 ## - TITLE STATEMENT |
| Title |
Vrasje dhe dëshmi : |
| Statement of responsibility, etc |
Musa Sabedini. |
| 260 ## - |
| -- |
Prishtinë : |
| -- |
KMDLNJ ; |
| -- |
2010. |
| 300 ## - |
| -- |
292 f. , |
| -- |
16 fl. : me foto ; |
| -- |
21 cm. |
| 500 ## - |
| -- |
Literatura : f. 135 |
| 650 #0 - |
| -- |
Biografia |
| 942 ## - ADDED ENTRY ELEMENTS (KOHA) |
| Source of classification or shelving scheme |
|
| Item type |
Books |